| 000 | 00618nam a2200205Ia 4500 | ||
|---|---|---|---|
| 003 | GCL | ||
| 008 | 140319s9999 xx 000 0 ara d | ||
| 040 |
_aGCL / _cGCL |
||
| 082 | 0 | 4 |
_aط _b001.2 _bم ك |
| 100 | 1 | _aاحمد شفيق الخطيب | |
| 245 | 1 | 0 |
_aكتب الفراشة : السفن / _cاحمد شفيق الخطيب |
| 250 | _aالاولى | ||
| 260 |
_aبيروت : _bمكتبة لبنان ، _c1990 |
||
| 300 |
_a31 ص ؛ _c24 سم |
||
| 490 |
_aكتب الفراشة _v32 |
||
| 650 | 0 | 4 | _aكتب الاطفال |
| 650 | 0 | 4 | _aالمعارف العامة |
| 650 | 0 | 4 | _aالسفن |
| 942 |
_2ddc _cBK |
||
| 999 |
_c9121 _d9121 |
||